000 00666nam a22001937a 4500
999 _c192869
_d192869
005 20221007121658.0
010 _aUR-11741
020 _a9789391238568
_c150.00
035 _aU-10296
037 _bDBAD/PUB
_a-
082 _a841
100 _aمحسن عثما نی
245 _aنئ سوچ کے گولاب :
_bشعری مجموعہ /
_cمحسن عثما نی
_hا ر د و
246 _aNayi Soch ke Gulaab (Urdu Poetry) /
_bby Mohsin Usmani
260 _aNew Delhi
_bEducational Publishing House
_c2021 ء
270 _aH.O. D1/16, Ansari Road, Daryaganj
_bNew Delhi
_e110002
300 _a104 ص
_c23cm(Hb)
942 _2ddc
_cUR
_h841
_mم ح س